Estructura económica (Registro nro. 5496)
[ vista simple ]
| 000 -LEADER | |
|---|---|
| fixed length control field | 02019 a2200229 4500 |
| 001 - CONTROL NUMBER | |
| control field | 54332 |
| 005 - DATE AND TIME OF LATEST TRANSACTION | |
| control field | 20260407155815.0 |
| 008 - FIXED-LENGTH DATA ELEMENTS--GENERAL INFORMATION | |
| fixed length control field | 260407a1970 arg spa d |
| 003 - CONTROL NUMBER IDENTIFIER | |
| control field | AR-UNSa-BCEJYS |
| 040 ## - CATALOGING SOURCE | |
| Original cataloging agency | AR-UNSa-BCEJYS |
| Language of cataloging | spa |
| Transcribing agency | AR-UNSa-BCEJYS |
| 080 ## - UNIVERSAL DECIMAL CLASSIFICATION NUMBER | |
| Universal Decimal Classification number | 338.1 |
| Common auxiliary subdivision | Situación económica. Ciclos. Desarrollo de la estructura económica |
| 041 ## - LANGUAGE CODE | |
| Language code of text/sound track or separate title | spa |
| 100 1# - MAIN ENTRY--PERSONAL NAME | |
| Personal name | Sampedro, José Luis |
| 245 10 - TITLE STATEMENT | |
| Title | Estructura económica |
| Name of part/section of a work | Teoría básica y estructura mundial |
| 250 ## - EDITION STATEMENT | |
| Edition statement | 2a. ed. |
| 264 #1 - PRODUCTION, PUBLICATION, DISTRIBUTION, MANUFACTURE, AND COPYRIGHT NOTICE | |
| Place of production, publication, distribution, manufacture | Barcelona : |
| Name of producer, publisher, distributor, manufacturer | Ediciones Ariel |
| Date of production, publication, distribution, manufacture, or copyright notice | 1970 |
| 300 ## - PHYSICAL DESCRIPTION | |
| Extent | 651 p. |
| Dimensions | 23 cm. |
| 505 ## - FORMATTED CONTENTS NOTE | |
| Formatted contents note | 1. la visón estructural en economía - 2. Las fuentes de la estructura económica - 3. El moderno estructuralismo - 4. Los componentes de la realidad económica - 5. El análisis cuantitativo - 6. El análisis intersectorial - 7. Aplicaciones estructurales del modelo de Leontief - 8. El análisis macroeconómico de la realidad - 9. Aplicaciones estructurales de contabilidad - 10. La renta y el análisis estructural - 11. Resultados finales del análisis cuantitativo - 12. La visión global de la realidad económica - 13. La actividad económica como realidad social - 14. Estructura y desarrollo - 15. Los sistemas económicos - 16. Conclusiones sobre el análisis estructural - 17. Introducción panorámica a la economía mundial - 18. Componentes objetivos de la estructura mundial - 19. Técnica y organización - 20. Componnetes demográficos - 21. Estructura espacial de la economía mundial - 22. La estructura del consumo - 23. La actividad productiva - 24. La modernización d elas actividades primitivas - 25. La actividad ganadera - 26. La estructura agraria - 27. Tipología y localización de la agricultura mundial - 28. La minería industrial - 29. La energía - 30. Estructura industrial - 31. Tipología y localización de la industria - 32. Estructura de las comunicaciones - 33. El intercambio mundial |
| 590 ## - LOCAL NOTE (RLIN) | |
| Local note | niveau_biblio:m niveau_hierar:0 |
| 700 1# - ADDED ENTRY--PERSONAL NAME | |
| Personal name | Martínez Cortiña, Rafael |
| 942 ## - ADDED ENTRY ELEMENTS (KOHA) | |
| Koha item type | |
| Withdrawn status | Lost status | Damaged status | Not for loan | Home library | Current library | Shelving location | Date acquired | Total checkouts | Full call number | Barcode | Date last seen | Price effective from | Koha item type |
|---|---|---|---|---|---|---|---|---|---|---|---|---|---|
| Biblioteca Prof. Eusebio Cleto del Rey | Biblioteca Prof. Eusebio Cleto del Rey | 07/04/2026 | 338.1 S192 2ed. | L13466 | 07/04/2026 | 07/04/2026 | Libro |